|
|
|
|
| LEADER |
01370cam a2200325 a 4500 |
| 001 |
c000294822 |
| 003 |
CARM |
| 005 |
20100219165610.0 |
| 008 |
880617s1987 acac f000 0 eng d |
| 019 |
1 |
|
|a 5703912
|z 5634498
|z 12691757
|z 13235375
|z 22609957
|z 45128138
|z 43395020
|z 45865348
|z 21872143
|z 49917788
|z 50569254
|z 53476767
|z 57962474
|5 LACONCORD2021
|
| 020 |
|
|
|a 0644064536 (set)
|
| 020 |
|
|
|a 064406322X
|c price unknown
|
| 035 |
|
|
|a (OCoLC)27495469
|5 LACONCORD2021
|
| 040 |
|
|
|a ANB
|b eng
|c ANB
|
| 042 |
|
|
|a anuc
|
| 043 |
|
|
|a u-at---
|
| 050 |
1 |
4 |
|a JQ4011
|b .A97 1987
|
| 082 |
0 |
4 |
|a 342.94023
|2 20
|
| 110 |
1 |
|
|a Australia
|
| 245 |
1 |
4 |
|a The Constitution as altered to 30 June 1987 together with Statute of Westminster Adoption Act 1942, Australia Act 1986 an introduction and outline.
|
| 260 |
|
|
|a Canberra :
|b Parliament of the Commonwealth of Australia,
|c 1987.
|
| 300 |
|
|
|a viii, 48 p. :
|b 1 port. ;
|c 30 cm.
|
| 610 |
1 |
0 |
|a Australia.
|t Constitution.
|
| 610 |
1 |
0 |
|a Australia.
|
| 710 |
1 |
|
|a Australia.
|b Parliament
|
| 710 |
1 |
|
|a Great Britain.
|t Statute of Westminster Adoption Act 1942
|
| 710 |
1 |
|
|a Australia
|t Australia Act 1986
|
| 852 |
8 |
|
|b CARM
|h A3:AI05D0
|i F07668
|p 0551598
|f BK
|
| 999 |
f |
f |
|i 6c905202-5961-5a1a-8835-b3b0624a4856
|s 5761317f-43a2-5247-87c8-4e3c6d4e8b38
|
| 952 |
f |
f |
|p Can circulate
|a CAVAL
|b CAVAL
|c CAVAL
|d CARM 1 Store
|e F07668
|f A3:AI05D0
|h Other scheme
|i book
|m 0551598
|